000 00652nam a22002177a 4500
003 OSt
005 20251023063546.0
008 250930b |||||||| |||| 00| 0 eng d
020 _a978-0-471-78276-6.
040 _aDWCL-Main lib
_cOC
082 _aCirc. 338.4791 B278i 2009
100 _aBarrows, Clayton W.
245 _aIntroduction to the hospitality industry
250 _a7th ed.
260 _aN. J. :
_bJohn Wiley & Sons, Inc.,
_cc2009.
300 _axix, 539 pages :
_bcolored illustration ;
_c23 cm.
504 _aIncludes index.
650 _21. Hospitality industry.
700 _aPowers, Tom
942 _2ddc
_cBK-CIRC
_e7th ed.
_kCirc.
_n0
999 _c4555
_d4555